000 00533nam a22001577a 4500
003 OSt
008 180904b ||||| |||| 00| 0 eng d
082 _a631.45
_bUDA/RE
100 _aUday Banu Prakash, V
_93299
245 _aRegional groundwater resources modelling using modflow- A case study
260 _aThavanur
_bDepartment of irrigation and drainage engineering
_c2018
300 _a114
_eCD
700 _aSasikala, D (Guide)
_93225
856 _uhttps://drive.google.com/open?id=1kKpQFBy7zgxOSFebNiPkhd-X5jsFHRut
942 _cTH
999 _c15521
_d15521